The drinking water handbook /
Uložené v:
| Hlavný autor: | |
|---|---|
| Médium: | Kniha |
| Jazyk: | English |
| Vydané: |
Boca Raton ; London ; New York :
CRC Press,
2025.
|
| Vydanie: | 4th edition. |
| Témy: | |
| ISBN: |
9781032659015 |
| Fyzický popis: |
xvii, 342 strán ; 24 cm. |
| Tagy: |
Pridať tag
Žiadne tagy, Buďte prvý kto otaguje tento záznam!
|
Titul je dostupný aj v ... 

MARC
| LEADER | 00000nam a2200000 i 4500 | ||
|---|---|---|---|
| 001 | 000723708 | ||
| 005 | 20250210120241.0 | ||
| 008 | 250116s2025 xxu e 001 0 eng d | ||
| 020 | |a 9781032659015 |q (viazané) | ||
| 040 | |a SVKKK |b slo |c SVKKK |e rda | ||
| 041 | 0 | |a eng | |
| 044 | |a xxu |c US |a xxk |c GB | ||
| 072 | 7 | |a 613 |x Hygiena. Ľudské zdravie |2 konspekt | |
| 080 | |a 613.31 |2 2011 | ||
| 080 | |a 628.1.033 |2 2011 | ||
| 080 | |a 628.16 |2 2011 | ||
| 080 | |a 504.5:502.51 |2 2011 | ||
| 080 | |a (035) |2 2011 | ||
| 100 | 1 | |a Spellman, Frank R. |4 aut | |
| 245 | 1 | 4 | |a The drinking water handbook / |c Frank R. Spellman. |
| 250 | |a 4th edition. | ||
| 264 | 1 | |a Boca Raton ; |a London ; |a New York : |b CRC Press, |c 2025. | |
| 300 | |a xvii, 342 strán ; |c 24 cm. | ||
| 336 | |a text |b txt |2 rdacontent | ||
| 337 | |a bez média |b n |2 rdamedia | ||
| 338 | |a zväzok |b nc |2 rdacarrier | ||
| 500 | |a Obsahuje slovník | ||
| 504 | |a Obsahuje bibliografické odkazy a register | ||
| 650 | 0 | 7 | |a pitná voda |2 SVKKKPH |
| 650 | 0 | 7 | |a úprava vody |2 SVKKKPH |
| 650 | 0 | 7 | |a znečistenie vôd |2 SVKKKPH |
| 650 | 0 | 7 | |a drinking water |2 SVKKKPHeng |
| 650 | 0 | 7 | |a water treatment |2 SVKKKPHeng |
| 650 | 0 | 7 | |a water pollution |2 SVKKKPHeng |
| 655 | 7 | |a príručky |2 SVKKKPH | |
| 655 | 7 | |a handbooks and manuals |2 SVKKKPHeng | |
| 910 | |a svkkk | ||
| 919 | |a 978-1-032-65901-5 | ||
| 998 | |a BK | ||
| 090 | |g SCKHL |k Sklad Hlavná 10 prízemie |a IV.248261 |j 1131726 |i 2721129375 |s Absenčne | ||